Conferences sur l'Espagne musulmane prononcees ala faculte des letters en 1947 et 1948 /

محفوظ في:

المؤلف الرئيسي: Lévi-Provençal, Evariste, 1894-1956 (مؤلف)

التنسيق: كتاب

اللغة: French

منشور في: Le Caire : Imprimerie Nationale, 1951.

الموضوعات:

الوسوم: إضافة وسم

لا توجد وسوم, كن أول من يضع وسما على هذه التسجيلة!

رقم الطلب: DP103 .L43 1951

LEADER 00700nam a2200193Ia 4500
003 OSt
005 20260121160023.0
008 211223s1951 ua 000 0 fre d
040 |c ARCE Library 
050 4 |a DP103 .L43 1951 
100 1 |a Lévi-Provençal, Evariste,   |d 1894-1956,   |e author 
245 1 0 |a Conferences sur l'Espagne musulmane prononcees ala faculte des letters en 1947 et 1948 /   |c par E. Lévi-Provençal. 
264 1 |a Le Caire :   |b Imprimerie Nationale,   |c 1951. 
300 |a 119, 116 p. ;   |c 27 cm. 
650 0 |a Arabic poetry   |z Spain   |z Andalusia   |x History and criticism. 
650 0 |a Arabic poetry   |y 750-1258   |x History and criticism. 
901 |a reviewed 
942 |2 lcc  |c BK 
999 |c 41219  |d 41219